Marketing para turismo (Record no. 74079)
[ view plain ]
| 000 -LEADER | |
|---|---|
| fixed length control field | 01100cam a2200289 4500 |
| 005 - DATE AND TIME OF LATEST TRANSACTION | |
| control field | 20250226092455.0 |
| 008 - FIXED-LENGTH DATA ELEMENTS--GENERAL INFORMATION | |
| fixed length control field | 230519t sp a gr|||| 00| 0 spa|d |
| 020 ## - INTERNATIONAL STANDARD BOOK NUMBER | |
| International Standard Book Number | 8420538957 |
| 050 04 - LIBRARY OF CONGRESS CALL NUMBER | |
| Classification number | TX911.3.M3 |
| Item number | K68 2004 |
| 100 1# - MAIN ENTRY--PERSONAL NAME | |
| Personal name | Kotler, Philip |
| 240 10 - UNIFORM TITLE | |
| Uniform title | Marketing for hospitality and tourism |
| Language of a work | Español |
| 245 10 - TITLE STATEMENT | |
| Title | Marketing para turismo |
| Statement of responsibility, etc | / Philip Kotler, John Bowen, James Makens ; traducción Cristina Belló... [et, al.] ; coautores Ramón Rufín Moreno, Ma. Dolores Reina Paz. |
| 250 ## - EDITION STATEMENT | |
| Edition statement | 3a ed. |
| 260 ## - PUBLICATION, DISTRIBUTION, ETC. (IMPRINT) | |
| Place of publication, distribution, etc | Madrid : |
| Name of publisher, distributor, etc | Pearson Educación, |
| Date of publication, distribution, etc | 2004 |
| 300 ## - PHYSICAL DESCRIPTION | |
| Extent | xviii, 565 p. : |
| Other physical details | il. ; |
| Dimensions | 28 cm. |
| 504 ## - BIBLIOGRAPHY, ETC. NOTE | |
| Bibliography, etc | Incluye bibliografías (referencias), glosario e índice. |
| 650 #7 - SUBJECT ADDED ENTRY--TOPICAL TERM | |
| Source of heading or term | lemb |
| Topical term or geographic name as entry element | Turismo |
| General subdivision | Marketing |
| 650 #7 - SUBJECT ADDED ENTRY--TOPICAL TERM | |
| Source of heading or term | lemb |
| Topical term or geographic name as entry element | Hotelería |
| General subdivision | Mercadotecnia |
| 700 1# - ADDED ENTRY--PERSONAL NAME | |
| Personal name | Bowen, John |
| Relator term | autor |
| 700 1# - ADDED ENTRY--PERSONAL NAME | |
| Personal name | Makens, James |
| Relator term | autor |
| 700 1# - ADDED ENTRY--PERSONAL NAME | |
| Personal name | Rufín Moreno, Ramón |
| Relator term | couator |
| 700 1# - ADDED ENTRY--PERSONAL NAME | |
| Personal name | Reina Paz, Ma. Dolores |
| Relator term | couatora |
| 700 1# - ADDED ENTRY--PERSONAL NAME | |
| Personal name | Belló, Cristina |
| Relator term | traductora |
| 700 1# - ADDED ENTRY--PERSONAL NAME | |
| Personal name | Blázquez, Elena |
| Relator term | traductora |
| 700 1# - ADDED ENTRY--PERSONAL NAME | |
| Personal name | Nieto, Raquel |
| Relator term | traductora |
| 942 ## - ADDED ENTRY ELEMENTS (KOHA) | |
| Source of classification or shelving scheme | Biblioteca del Cogreso de los Estados Unidos |
| Koha item type | Libro |
| Estado de pérdida | Fuente de clasificación | Estado del daño | No para préstamo | Ubicación permanente | Ubicación actual | Apartado o colección | Fecha de adquisición | Fuente de adquisición | Edición | Dependencia de educación superior (DES) | Área del conocimiento | Clasificación | Código de Barras | Date last seen | Número de copia | Costo por reposición | Tipo de recurso |
|---|---|---|---|---|---|---|---|---|---|---|---|---|---|---|---|---|---|
| Biblioteca del Cogreso de los Estados Unidos | Uso interno Biblioteca | Biblioteca de la Facultad de Contaduría y Ciencias Administrativas | Biblioteca de la Facultad de Contaduría y Ciencias Administrativas | General | 29/10/2015 | FOMES 2003 | 1a ed. | Ciencias Económico Administrativas | Ingeniería y Tecnología | TX911.3.M3 K68 2004 | BCCA000009191 | 29/10/2015 | 1 | 400.00 | Libro | ||
| Biblioteca del Cogreso de los Estados Unidos | Biblioteca de la Facultad de Contaduría y Ciencias Administrativas | Biblioteca de la Facultad de Contaduría y Ciencias Administrativas | General | 02/03/2018 | Unidad Académica | 3a ed. | Ciencias Económico Administrativas | Ingeniería y Tecnología | TX911.3.M3 K68 2004 | BCCA000010639 | 02/03/2018 | 2 | 400.00 | Libro | |||
| Biblioteca del Cogreso de los Estados Unidos | Uso interno Biblioteca | Biblioteca de la Facultad de Economía | Biblioteca de la Facultad de Economía | General | 10/12/2024 | Unidad Académica | 3a ed. | Ciencias Económico Administrativas | Ciencias Sociales y Administrativas | TX911.3.M3 K68 r2005 | BFE000002479 | 07/07/2016 | 1 | 1.00 | Libro |